| 000 | 00554pab a2200181 454500 | ||
|---|---|---|---|
| 008 | 180718b1996 xxu||||| |||| 00| 0 eng d | ||
| 100 | _aSrivastava, Kanshal K. | ||
| 245 | _aOccupational structure and educational status of tribes: a case study of Bhotia tribes of U.P. hills | ||
| 260 | _c1996 | ||
| 300 | _ap.173-78 | ||
| 362 | _aApr | ||
| 650 | _aTribes - India - Uttar Pradesh | ||
| 650 | _aTribes | ||
| 700 | _aSrivastava, Tanuja | ||
| 700 | _aNautiyal, D.K. | ||
| 773 | _aJournal of Educational Planning and Administration | ||
| 909 | _a33024 | ||
| 999 |
_c33024 _d33024 |
||